00491 2200169 4500001002100000005001500021035002000036245008800056100001900144250001700163300003200180260003500212082001100247084001700258020002200275650002400297INLIS00000000000091120250317095626 a0010-03250000071 aSeri Pengetahuan ICT Membuat Database dengan Microsoft Acces 2003 /cRirin Utami WN0 aRirin Utami WN acetakan ke-1 aiv, 84 hlm :bilus ;c29 cm aJakarta :bGaneca Exact,c2007 a005.74 a005.74 RIR s a978-979-571-408-8 4aTeknologi Informasi